000 00644nam a2200229 a 4500
005 20140310183557.0
008 111119s19uu xx 00 eng d
020 _a9780321562999
050 _aQA 76.73.C154
_b.H45 2009
100 _aHejlsberg, Anders
245 _aThe C# programming language /
_cAnders Hejlsberg, et al.
250 _a3rd ed.
260 _aNew Jersey :
_bAddison-Wesley,
_c2009.
300 _a754 p. :
_bill. ;
_c24 cm.
521 _aIT
650 _aC# (Computer program language)
700 _aTorgesen, Mads
700 _aWiltamuth, Scott
700 _aGolde, Peter
942 _cBK
_2lcc
_kFOR
999 _c25052
_d25052